Sports Quiz

Random Sports or Soccer Quiz

Name a footballer who... Quiz Stats

 Plays Quiz not verified by Sporcle

Support Sporcle.
Go Orange.
Score 0/20 Timer 06:00
4 Plays Today
Name a footballer who... Player % Correct
...scored 4 or more goals at 2002 Fifa World CupRonaldo
97.3%
...set a new record as highest fee of departure from Premier League after Ferdinand in 2002Cristiano Ronaldo
93.8%
...was sold for 60M€ or more from Serie A to other leaguesPaul Pogba
81.9%
...scored 5 goals in a Premier League's matchSergio Aguero
74.3%
...made his debut for Belgium before turning 18 after 2000Anthony Vanden Borre
70.8%
...scored in Champions League after his 37th birthdayFrancesco Totti
70.5%
...collected more than 150 caps for USACobi Jones
64.9%
...won a Champions League with 3 different teamsClarence Seedorf
61%
...scored a goal in the match known as 'Mineirazo'Thomas Muller
60%
...wore England's shirt number 11 in a World Cup after 2000Emile Heskey
52.5%
Name a footballer who... Player % Correct
...reached a value greater than 30M€ on transfermarkt before turning 18Ansu Fati
50.8%
...scored in Champions League before turning 18Ansu Fati
49.1%
...won exactly 7 Premier League titles with Manchester UnitedRoy Keane
48.7%
...scored 25 or more goals in Europa League historyRadamel Falcao
36.9%
...achieved 14 or more clean sheets in top 5 leagues 2019/20 playing in a team that finished outside the top 6Juan Musso
32.2%
...was 2 or more times the top goalscorer of Liga NOS after 2000Jonas
28.7%
...wore Chelsea's shirt number 25Gianfranco Zola
20.4%
...made 100 appearances in Bundesliga before turning 21Kai Havertz
19.9%
...saved 10 or more penalties in Premier LeagueHeurelho Gomes
13.6%
...played for 8 different teams in Ligue 1Stephane Dalmat
6.7%

You're not logged in!

Compare scores with friends on all Sporcle quizzes.
OR
Log In

From the Vault

Did It Win Best Picture?

by bhenderson79

May the Best Picture win.
Remove Ads.
Support Sporcle.
Get the best of Sporcle when you Go Orange. This ad-free experience offers more features, more stats, and more fun while also helping to support Sporcle. Thank you for becoming a member.

Show Comments

Extras

Top Quizzes Today


Score Distribution

Your Account Isn't Verified!

In order to create a playlist on Sporcle, you need to verify the email address you used during registration. Go to your Sporcle Settings to finish the process.

Report this User

Report this user for behavior that violates our Community Guidelines.

Details: